书目信息 |
| 题名: |
威尔斯科幻经典
|
|
| 作者: | 威尔斯 著 ;郑须弥 , 李家真 译 | |
| 分册: | ||
| 出版信息: | 北京 人民文学出版社 2006.04 |
|
| 页数: | 462页, [1] 叶图版 | |
| 开本: | 21cm | |
| 丛书名: | 20世纪外国名家精品 | |
| 单 册: | ||
| 中图分类: | I561.455 | |
| 科图分类: | ||
| 主题词: | 科学幻想小说--ke xue huan xiang xiao shuo--英国--现代--选集 , 中篇小说--zhong pian xiao shuo--英国--现代--选集 | |
| 电子资源: | ||
| ISBN: | 7-02-005395-5 | |
| 000 | 01287nam 2200325 450 | |
| 001 | 012007551075 | |
| 005 | 20070515162524.10 | |
| 010 | @a7-02-005395-5@dCNY25.00 | |
| 100 | @a20070114d2006 km y0chiy0120 ea | |
| 101 | 1 | @achi@ceng |
| 102 | @aCN@b110000 | |
| 105 | @aacf z 000ay | |
| 200 | 1 | @a威尔斯科幻经典@Awei er si ke huan jing dian@f(英) 威尔斯著@F(ying)wei er si zhu@g郑须弥, 李家真译@Gzheng xu mi,li jia zhen yi |
| 210 | @a北京@c人民文学出版社@d2006.04 | |
| 215 | @a462页, [1] 叶图版@c图, 肖像@d21cm | |
| 225 | 2 | @a20世纪外国名家精品@A20 shi ji wai guo ming jia jing pin@e插图本 |
| 305 | @a据Bantam Classics 1988版译出 | |
| 312 | @a英文并列题名取自封面 | |
| 330 | @a本书是一部英国现代科学幻想小说作品集,包括:《隐身人》,《时间机器》,《星际战争》三部中篇小说。 | |
| 333 | @a文学爱好者 | |
| 410 | 0 | @12001 @a20世纪外国名家精品 |
| 500 | 10 | @aH. G. Wells science fiction classics@mChinese |
| 606 | 0 | @a科学幻想小说@Ake xue huan xiang xiao shuo@y英国@z现代@j选集 |
| 606 | 0 | @a中篇小说@Azhong pian xiao shuo@y英国@z现代@j选集 |
| 690 | @aI561.455@v4 | |
| 701 | 1 | @a威尔斯@Awei er si@g(Wells, Herbert George),@f1866-1946@4著 |
| 702 | 0 | @a郑须弥@Azheng xu mi@4译 |
| 702 | 0 | @a李家真@Ali jia zhen@4译 |
| 801 | 0 | @aCN@c20070515 |
| 905 | @a10447@dI561.455@eW497 | |
| 威尔斯科幻经典/(英) 威尔斯著/郑须弥, 李家真译.-北京:人民文学出版社,2006.04 |
| 462页, [1] 叶图版:图, 肖像;21cm.-(20世纪外国名家精品:插图本) |
| 使用对象:文学爱好者 |
| ISBN 7-02-005395-5:CNY25.00 |
| 本书是一部英国现代科学幻想小说作品集,包括:《隐身人》,《时间机器》,《星际战争》三部中篇小说。 |
| ● |
| 相关链接 |
|
|
|
正题名:威尔斯科幻经典
索取号:I561.455/W497
 
预约/预借
| 序号 | 登录号 | 条形码 | 馆藏地/架位号 | 状态 | 备注 |
| 1 | 235117 | 202351178 | 社科二线400B/400B社科库 6排3列2层/ [索取号:I561.455/W497] | 在馆 | |
| 2 | 235118 | 202351187 | 文学库116/116文学库 22排1列4层/ [索取号:I561.455/W497] | 在馆 | |
| 3 | 235119 | 202351196 | 文学库116/116文学库 22排1列4层/ [索取号:I561.455/W497] | 在馆 |